NLSUI OPAC header image

Introduction to political theory (Record no. 33765)

MARC details
000 -LEADER
fixed length control field 00540nam a2200217Ia 4500
003 - CONTROL NUMBER IDENTIFIER
control field OSt
005 - DATE AND TIME OF LATEST TRANSACTION
control field 20210622105715.0
008 - FIXED-LENGTH DATA ELEMENTS--GENERAL INFORMATION
fixed length control field 160316s2012 xxu||||| |||| 00| 0 eng d
020 ## - INTERNATIONAL STANDARD BOOK NUMBER
International Standard Book Number 9789350593301
040 ## - CATALOGING SOURCE
Transcribing agency n
082 ## - DEWEY DECIMAL CLASSIFICATION NUMBER
Classification number 320.010000
Item number GAU
100 ## - MAIN ENTRY--PERSONAL NAME
Personal name Gauba O P
245 ## - TITLE STATEMENT
Title Introduction to political theory
250 ## - EDITION STATEMENT
Edition statement 5th
260 ## - PUBLICATION, DISTRIBUTION, ETC.
Place of publication, distribution, etc. New Delhi
Name of publisher, distributor, etc. Macmillan Publishing Co.
Date of publication, distribution, etc. 2012
300 ## - PHYSICAL DESCRIPTION
Extent 572p
Dimensions xv
365 ## - TRADE PRICE
Price amount Rs. 375
650 ## - SUBJECT ADDED ENTRY--TOPICAL TERM
Topical term or geographic name entry element 1. Political Philosophy2. Political Theory
700 ## - ADDED ENTRY--PERSONAL NAME
Personal name
--
942 ## - ADDED ENTRY ELEMENTS (KOHA)
Source of classification or shelving scheme Dewey Decimal Classification
Koha item type BOOKs
Holdings
Withdrawn status Lost status Damaged status Not for loan Home library Current library Shelving location Date acquired Cost, normal purchase price Total Checkouts Total Renewals Full call number Barcode Date last seen Date last checked out Price effective from Koha item type
        . . Library Compactors 30.05.2017 375.00 3 2 320.01 GAU 30280 13.08.2022 10.08.2022 30.05.2017 BOOKs